| 000 -ლიდერი |
| ფიქსირებული სიგრძის საკონტროლო ველი |
01004nam a22002057a 4500 |
| 003 - საკონტროლო ნომრის იდენტიფიკატორი |
| საკონტროლო ველი |
Ge_BSU |
| 005 - ბოლო ოპერაციის თარიღი და დრო |
| საკონტროლო ველი |
20230130100154.0 |
| 008 - ფიქსირებული სიგრძის მონაცემთა ელემენტები - ზოგადი ინფორმაცია |
| ფიქსირებული სიგრძის საკონტროლო ველი |
230130s2009 ge ||||| |||| 00| 0 geo d |
| 020 ## - წიგნის საერთაშორისო სტანდარტული ნომერი |
| International Standard Book Number |
9789941907142 |
| 041 ## - ენის კოდი |
| Language code of text/sound track or separate title |
geo |
| 080 ## - უნივერსალური ათობითი კლასიფიკაციის ინდექსი |
| Universal Decimal Classification number |
342.9+342 ი-39 |
| 100 ## - მთავარი ჩანაწერი - პიროვნების სახელი |
| Personal name |
იზორია, ლევან |
| 9 (RLIN) |
7856 |
| 245 ## - ცნობა სათაურის შესახებ |
| Title |
თანამედროვე სახელმწიფო :თანამედროვე ადმინისტრაცია / |
| Remainder of title |
|
| Statement of responsibility, etc |
ლევან იზორია ; მთ. რედ. გიორგი ხუბუა. |
| 264 ## - წარმოების, გამოცემის, დისტრიბუციის და სხვა ცნობები |
| გამოცემის, წარმოების, დისტრიბუციის... ადგილი |
თბილისი : |
| გამოცემის, წარმოების, დისტრიბუციის... სახელწოდება |
სიესტა, |
| გამოცემის, წარმოების, დისტრიბუციის... თარიღი |
2009. |
| 300 ## - ფიზიკური აღწერა |
| Extent |
264 გვ. ; |
| Other physical details |
21 სმ |
| 653 ## - INDEX TERM--UNCONTROLLED |
| Uncontrolled term |
ადმინისტრაციული მართვა |
| 700 ## - ADDED ENTRY--PERSONAL NAME |
| Personal name |
ხუბუა, გიორგი |
| Relator term |
რედაქტორი |
| 9 (RLIN) |
16816 |
| 856 ## - ELECTRONIC LOCATION AND ACCESS |
| Uniform Resource Identifier |
https://dspace.nplg.gov.ge/bitstream/1234/203686/1/TanamedroveSaxelmcifoTanamedroveAdministracia.pdf |
| Link text |
ელ ვერსია. pdf |
| 942 ## - ADDED ENTRY ELEMENTS (KOHA) |
| Source of classification or shelving scheme |
|
| Koha item type |
წიგნი |